000 00487nam a22001817a 4500
999 _c7473
_d7471
005 20210825110659.0
008 210224b ||||| |||| 00| 0 eng d
020 _a9780113230839
041 _aeng
082 _a615.11
100 _aMHRA MUKHERJEE, DR. PULOK.K
_96593
110 _aBRITISH COMMISSION
_96392
245 _aBRITISH PHARMACOPOEIA
_cBRITISH COMMISSION
260 _aLONDON
_bTHE STATIONERY OFFICE
_c2021
300 _aIV-911
650 _aPHARMACY
_96595
942 _cBK